00786cam a22002535a 4500001000800000005001700008008004100025020001500066020001800081040002800099082001600127110003200143245006600175260005000241300002500291500002000316650003900336650003700375651001000412710004000422906004500462942000800507999001700515487985120180206124033.0920829s1991 sz b i001 0 eng  a9221077489 a9789221077480 aDLCcDLCbengdEG-ScBUE04222a016.331 anternational Labour Office.10aLabour and population programme :ban annotated bibliography. aGeneva :bInternational Labour Office,c1991. aix, 209 p. ;c24 cm. aIncludes index. 0aLabor marketxBibliography.2BUEsh 0aPopulationxBibliography.2BUEsh 2BUEsh2 aInternational Labour Office.937621 a7bcbccorignewd3encipf19gy-gencatlg 2ddc c26107d26079